| 000 | 00931nam a2200265Ia 4500 | ||
|---|---|---|---|
| 003 | OSt | ||
| 005 | 20221005105850.0 | ||
| 006 | a|||||r|||| 00| 0 | ||
| 007 | ta | ||
| 008 | 221004b |||||||| |||| 00| 0 mar d | ||
| 024 | _a110043 | ||
| 037 | _cTextual | ||
| 040 |
_aCRL _cCRL _bmar |
||
| 041 |
_2mar _amar |
||
| 082 | _aO155,3NDA,SM, 152N1 | ||
| 100 | _aदांडेकर, गो. नी. | ||
| 245 | 0 | _aस्मरण गाथा | |
| 246 | _aSmaraṇ gāthā | ||
| 260 |
_aनई दिल्ली _bसाहित्य अकादमी भारत _c1991 |
||
| 300 |
_a402पृ0 _ccm. |
||
| 650 | _aमराठी साहित्य | ||
| 700 |
_a जोशी, काशी नाथ, अनु. _9623949 |
||
| 942 |
_hO155,3NDA,SM, 152N1 _cTEXL _2cc |
||
| 999 |
_c1017128 _d1017128 |
||